F1 Mclaren - Statistics

General Stats
  • This quiz has been taken 23 times
    14 since last reset
  • The average score is 13 of 24
Answer Stats
Hint Answer % Correct
2021 - 2022 Daniel Ricciardo
100%
2019 - Present Lando Norris
100%
2023 - Present Oscar Piastri
100%
2019-2020 Carlos Sainz Jr.
89%
Constructors: 9
78%
1988-1993 Ayrton Senna
78%
2007 and 2015-2018 Fernando Alonso
78%
2007-2012 Lewis Hamilton
78%
Drivers Championships: 12
67%
2010-2017 Jenson Button
67%
1980, then 1984-1989 Alain Prost
56%
1966-1970 Bruce McLaren
56%
2008-2009 Heikki Kovalainen
44%
2002-2006 Kimi Räikkönen
44%
1993-2001 Mika Häkkinen
44%
1996-2004 David Coulthard
33%
1974-1975 Emerson Fittipaldi
33%
1976-1978 James Hunt
33%
1982-1985 Niki Lauda
33%
Poles: 173
11%
Wins: 183
11%
1-2 Finishes: 50
11%
Podiums: 551
11%
Points: 7,580.5
11%
No matching quizzes found
Score Distribution
Percent of People with Each Score
Percentile by Number Answered
Your Score History
You have not taken this quiz since the last reset